[Event "GER-ch Net qual3 U25"]
[Site "Playchess.com INT"]
[Date "2011.05.08"]
[Round "7"]
[White "Braunstein, Fabian"]
[Black "Kim, Oi Sin"]
[Result "1/2-1/2"]
[WhiteElo "1784"]
[BlackElo "2176"]
[PlyCount "96"]
[EventDate "2011.05.08"]
[EventType "swiss (blitz)"]
[EventRounds "7"]
[EventCountry "GER"]
[SourceTitle "CBM 142 Extra"]
[Source "ChessBase"]
[SourceDate "2011.06.27"]
[SourceVersion "1"]
[SourceVersionDate "2011.06.27"]
[SourceQuality "1"]

1. Nf3 Nf6 2. g3 b5 3. Bg2 Bb7 4. 0-0 e6 5. d3 d5 6. Nbd2 Be7 7. a4 b4 8. c4 0-0 9. b3 c5 10. Bb2 d4 11. Qc2 Nc6 12. e4 Nd7 13. h3 f5 14. exf5 exf5 15. Rae1 Nb6 16. Ne5 Rc8 17. Nxc6 Bxc6 18. Bxc6 Rxc6 19. Nf3 Rh6 20. Kh2 Bd6 21. Bc1 Rg6 22. Ne5 Re6 23. f4 Bxe5 24. Rxe5 Rxe5 25. fxe5 Qe7 26. Qe2 Qe6 27. Bf4 h6 28. h4 Re8 29. Qf3 Re7 30. Rf2 Kh7 31. Re2 Nd7 32. Qa8 Nf6 33. Kg2 Ng4 34. Qd5 Qxd5+ 35. cxd5 Ne3+ 36. Bxe3 Rxe5 37. Kf3 dxe3 38. Rxe3 Rxd5 39. Ke2 Rd7 40. Re5 Rc7 41. Rxf5 Kg6 42. Re5 Kf6 43. Re4 h5 44. Ke3 Kf5 45. Rf4+ Ke5 46. Re4+ Kf5 47. Rf4+ Ke5 48. Re4+ Kf5 1/2-1/2

[Event "GER-ch Net qual3 U25"]
[Site "Playchess.com INT"]
[Date "2011.05.08"]
[Round "5"]
[White "Braunstein, Fabian"]
[Black "Wedrychowski, Lukas"]
[Result "1-0"]
[WhiteElo "1784"]
[BlackElo "1598"]
[PlyCount "45"]
[EventDate "2011.05.08"]
[EventType "swiss (blitz)"]
[EventRounds "7"]
[EventCountry "GER"]
[SourceTitle "CBM 142 Extra"]
[Source "ChessBase"]
[SourceDate "2011.06.27"]
[SourceVersion "1"]
[SourceVersionDate "2011.06.27"]
[SourceQuality "1"]

1. Nf3 Nf6 2. g3 b6 3. Bg2 Bb7 4. d3 e6 5. 0-0 Be7 6. e4 d6 7. Nc3 Nbd7 8. Ne2 0-0 9. h3 Ne8 10. c3 f5 11. exf5 exf5 12. Qb3+ Kh8 13. Ned4 Nc5 14. Qc2 Qc8 15. Re1 Ba6 16. Rxe7 Bxd3 17. Qd2 Be4 18. Ng5 Bxg2 19. Kxg2 Qb7+ 20. Kg1 h6 21. Nge6 Rf6 22. Nxc5 dxc5 23. Ne6 1-0

[Event "GER-ch Net qual1 U25"]
[Site "Playchess.com INT"]
[Date "2011.05.01"]
[Round "5"]
[White "Rudolf, Sebastian"]
[Black "Braunstein, Fabian"]
[Result "1-0"]
[WhiteElo "2343"]
[BlackElo "1669"]
[PlyCount "173"]
[EventDate "2011.05.01"]
[EventType "swiss (blitz)"]
[EventRounds "7"]
[EventCountry "GER"]
[SourceTitle "CBM 142 Extra"]
[Source "ChessBase"]
[SourceDate "2011.06.27"]
[SourceVersion "1"]
[SourceVersionDate "2011.06.27"]
[SourceQuality "1"]

1. e4 e5 2. Nf3 Nc6 3. d4 exd4 4. Nxd4 Qh4 5. Nc3 Bb4 6. Be2 Bxc3+ 7. bxc3 Qxe4 8. Nb5 Qe5 9. f4 Qc5 10. Nxc7+ Kd8 11. Nxa8 Nf6 12. Qd3 Re8 13. a4 Ng4 14. Ba3 Qf2+ 15. Kd1 Ne3+ 16. Kc1 Nxg2 17. Bd1 Qxf4+ 18. Qd2 Qxd2+ 19. Kxd2 Ne5 20. Be2 Nf4 21. Rhe1 d5 22. Kd1 Nxe2 23. Kxe2 Bg4+ 24. Kf2 Kd7 25. Bc5 f6 26. Bd4 Rxa8 27. Bxe5 fxe5 28. Rxe5 Kd6 29. Rg5 Bd7 30. Rxg7 Rf8+ 31. Kg3 h5 32. a5 Rc8 33. Rg6+ Ke7 34. Re1+ Kf7 35. Rh6 Rxc3+ 36. Kf4 Rxc2 37. Rh7+ Kf6 38. Rxd7 Rxh2 39. Rxd5 h4 40. Kg4 b6 41. axb6 axb6 42. Rb1 Ke6 43. Rh5 Rg2+ 44. Kxh4 Rh2+ 45. Kg5 Rg2+ 46. Kh6 Kf7 47. Rxb6 Rg3 48. Rb7+ Kf6 49. Rh1 Rg6+ 50. Kh7 Rg2 51. Rf1+ Ke5 52. Re7+ Kd6 53. Re3 Rd2 54. Kg6 Rd5 55. Rf8 Kd7 56. Rf7+ Kd6 57. Re8 Kc5 58. Rc8+ Kd4 59. Rf6 Re5 60. Rd8+ Ke4 61. Rdd6 Ra5 62. Rde6+ Kd4 63. Rf4+ Kd5 64. Rf5+ Kxe6 65. Rxa5 Kd6 66. Rf5 Ke6 67. Rf1 Kd6 68. Re1 Kd5 69. Kf5 Kd4 70. Re8 Kd3 71. Kf4 Kd2 72. Kf3 Kd1 73. Kf2 Kd2 74. Rd8+ Kc3 75. Ke3 Kc4 76. Rd1 Kc5 77. Ke4 Kc6 78. Ke5 Kc7 79. Ke6 Kb6 80. Rc1 Kb5 81. Kd5 Kb4 82. Rc8 Kb5 83. Rb8+ Ka6 84. Kc6 Ka7 85. Rb1 Ka8 86. Kc7 Ka7 87. Ra1# 1-0

[Event "Leutersdorf Sparkasse op 15th"]
[Site "Leutersdorf"]
[Date "2011.02.20"]
[Round "6"]
[White "Schulz, Karsten"]
[Black "Braunstein, Fabian"]
[Result "1/2-1/2"]
[WhiteElo "2343"]
[BlackElo "1964"]
[PlyCount "62"]
[EventDate "2011.02.18"]
[EventType "swiss"]
[EventRounds "7"]
[EventCountry "GER"]
[SourceTitle "CBM 141 Extra"]
[Source "ChessBase"]
[SourceDate "2011.05.03"]
[SourceVersion "1"]
[SourceVersionDate "2011.05.03"]
[SourceQuality "1"]

1. c4 Nf6 2. g3 g6 3. Nc3 Bg7 4. Bg2 d6 5. d3 0-0 6. e3 e5 7. Nge2 c6 8. e4 Nh5 9. Be3 Na6 10. Qd2 Nc7 11. d4 Qe7 12. 0-0 f5 13. f4 Rd8 14. Rad1 exf4 15. Nxf4 Nf6 16. exf5 Bxf5 17. Rde1 Ng4 18. d5 Nxe3 19. Rxe3 Qd7 20. dxc6 bxc6 21. Rfe1 Re8 22. Be4 Bg4 23. Nd1 Rab8 24. b3 Kh8 25. Nf2 g5 26. Ng2 Be6 27. Qd3 Bg8 28. Bf5 Rxe3 29. Rxe3 Qd8 30. Nd1 d5 31. cxd5 Nxd5 1/2-1/2

[Event "Leutersdorf Sparkasse op 13th"]
[Site "Leutersdorf"]
[Date "2009.02.14"]
[Round "3"]
[White "Peschel, Gerhard"]
[Black "Braunstein, Fabian"]
[Result "0-1"]
[WhiteElo "1562"]
[BlackElo "1939"]
[PlyCount "104"]
[EventDate "2009.02.13"]
[EventType "swiss"]
[EventRounds "7"]
[EventCountry "GER"]
[SourceTitle "CBM 128 Extra"]
[Source "ChessBase"]
[SourceDate "2009.03.05"]
[SourceVersion "2"]
[SourceVersionDate "2009.03.25"]
[SourceQuality "1"]

1. e4 e5 2. Nc3 Bc5 3. Nf3 Nc6 4. Be2 d6 5. Na4 Bb6 6. Nxb6 axb6 7. d4 h6 8. 0-0 Nf6 9. Bb5 0-0 10. Re1 Bg4 11. Bxc6 Bxf3 12. Qxf3 bxc6 13. dxe5 dxe5 14. Qg3 Qd6 15. Qc3 c5 16. b3 Rfd8 17. Bb2 Qd4 18. Qxd4 cxd4 19. f3 Ne8 20. a4 c5 21. Kf2 Nd6 22. Ke2 Rdc8 23. c4 f5 24. Kd3 fxe4+ 25. fxe4 Rf8 26. Rf1 Nb7 27. Rf3 Rxf3+ 28. gxf3 Rf8 29. Rf1 g5 30. h3 Kg7 31. Bc1 Na5 32. Kc2 Kg6 33. Bd2 Nc6 34. Kd3 h5 35. Ke2 g4 36. hxg4 hxg4 37. Rg1 d3+ 38. Kxd3 Rxf3+ 39. Be3 Kh5 40. Ke2 Nd4+ 41. Bxd4 exd4 42. Rb1 Re3+ 43. Kf2 g3+ 44. Kf1 Kg4 45. b4 Ra3 46. a5 cxb4 47. axb6 Ra8 48. b7 Rb8 49. Rxb4 d3 50. c5 Kf3 51. c6 g2+ 52. Kg1 Rh8 0-1

[Event "Leutersdorf Muench Braeu op 14th"]
[Site "Leutersdorf"]
[Date "2009.02.11"]
[Round "8"]
[White "Braunstein, Fabian"]
[Black "Ksieski, Zbigniew"]
[Result "0-1"]
[WhiteElo "1939"]
[BlackElo "2385"]
[PlyCount "86"]
[EventDate "2009.02.07"]
[EventType "swiss"]
[EventRounds "9"]
[EventCountry "GER"]
[SourceTitle "CBM 128 Extra"]
[Source "ChessBase"]
[SourceDate "2009.03.05"]
[SourceVersion "2"]
[SourceVersionDate "2009.03.25"]
[SourceQuality "1"]

1. Nf3 c5 2. g3 Nc6 3. Bg2 g6 4. d3 Bg7 5. Nbd2 Nf6 6. 0-0 0-0 7. e4 d5 8. Re1 d4 9. Nb3 Nd7 10. h3 e5 11. Nh2 Qe7 12. f4 Nb6 13. Rf1 exf4 14. gxf4 f5 15. e5 Be6 16. Bd2 Nd5 17. a3 Rac8 18. Qe2 b6 19. Rab1 b5 20. Nf3 Bh6 21. Ne1 c4 22. Nc1 Qh4 23. Qf3 Nxe5 24. Qe2 c3 25. Qxe5 cxd2 26. Qxe6+ Kh8 27. Nf3 dxc1Q 28. Rbxc1 Nxf4 29. Qe5+ Qf6 30. Rce1 Nxg2 31. Kxg2 Rxc2+ 32. Rf2 Rxf2+ 33. Kxf2 Be3+ 34. Kg2 Qxe5 35. Nxe5 Rc8 36. Re2 Kg7 37. Kf3 Rc5 38. Nd7 Rc7 39. Nb8 a5 40. Na6 Rc6 41. Nb8 Rc1 42. Na6 g5 43. b4 a4 0-1

[Event "Leutersdorf Muench Braeu op 14th"]
[Site "Leutersdorf"]
[Date "2009.02.10"]
[Round "6"]
[White "Braunstein, Fabian"]
[Black "Roessler, Jens Hagen"]
[Result "1-0"]
[WhiteElo "1939"]
[BlackElo "1347"]
[PlyCount "69"]
[EventDate "2009.02.07"]
[EventType "swiss"]
[EventRounds "9"]
[EventCountry "GER"]
[SourceTitle "CBM 128 Extra"]
[Source "ChessBase"]
[SourceDate "2009.03.05"]
[SourceVersion "2"]
[SourceVersionDate "2009.03.25"]
[SourceQuality "1"]

1. Nf3 Nf6 2. g3 d5 3. Bg2 e6 4. d3 Nc6 5. Nbd2 Bd6 6. 0-0 0-0 7. Re1 b6 8. a3 Bb7 9. c4 Ne5 10. Nxe5 Bxe5 11. Nf3 Bd6 12. Qc2 c5 13. e4 dxe4 14. dxe4 e5 15. Bg5 h6 16. Bd2 Qc7 17. Rad1 Rad8 18. Bc3 Rfe8 19. b3 a5 20. Nh4 Bc8 21. f4 Nh5 22. Bf3 Nf6 23. Qb2 Bd7 24. Rxd6 Qxd6 25. fxe5 Qe6 26. exf6 g6 27. e5 Bc6 28. Qc1 g5 29. Bxc6 Qxc6 30. Nf5 Qf3 31. Nxh6+ Kh7 32. Qxg5 Rg8 33. Nxf7 Rg6 34. Qh4+ Kg8 35. Qh8+ 1-0

[Event "Leutersdorf Muench Braeu op 14th"]
[Site "Leutersdorf"]
[Date "2009.02.10"]
[Round "5"]
[White "Eichner, Sebastian"]
[Black "Braunstein, Fabian"]
[Result "1-0"]
[WhiteElo "2326"]
[BlackElo "1939"]
[PlyCount "85"]
[EventDate "2009.02.07"]
[EventType "swiss"]
[EventRounds "9"]
[EventCountry "GER"]
[SourceTitle "CBM 128 Extra"]
[Source "ChessBase"]
[SourceDate "2009.03.05"]
[SourceVersion "2"]
[SourceVersionDate "2009.03.25"]
[SourceQuality "1"]

1. d4 Nf6 2. c4 g6 3. Nc3 Bg7 4. e4 d6 5. Bd3 0-0 6. Nge2 Nbd7 7. Bc2 e5 8. d5 Ne8 9. 0-0 f5 10. exf5 gxf5 11. f4 e4 12. Be3 Ndf6 13. h3 Kf7 14. Nd4 Rg8 15. c5 Bf8 16. Bb3 a6 17. Rc1 Ng7 18. Rf2 Kg6 19. Ne6 Qe7 20. cxd6 cxd6 21. Nxg7 Bxg7 22. Na4 Bd7 23. Nb6 Rab8 24. Rc7 Rgd8 25. g4 fxg4 26. f5+ Kf7 27. hxg4 Ne8 28. f6 Bxf6 29. g5 Nxc7 30. Qh5+ Kf8 31. Rxf6+ Kg8 32. g6 Qxf6 33. Qxh7+ Kf8 34. Bh6+ Ke8 35. g7 Qd4+ 36. Kg2 Qxb2+ 37. Kg3 Qc3+ 38. Kf2 Qf3+ 39. Ke1 Qg3+ 40. Kd2 Qg2+ 41. Kc1 Qg1+ 42. Kc2 Qf2+ 43. Bd2 1-0

[Event "Leutersdorf Sparkasse op 11th"]
[Site "Leutersdorf"]
[Date "2007.02.18"]
[Round "6"]
[White "Braunstein, Fabian"]
[Black "Haeusler, Felix"]
[Result "1-0"]
[WhiteElo "1925"]
[BlackElo "2026"]
[PlyCount "57"]
[EventDate "2007.02.16"]
[EventType "swiss"]
[EventRounds "7"]
[EventCountry "GER"]
[SourceTitle "CBM 117 Extra"]
[Source "ChessBase"]
[SourceDate "2007.05.09"]
[SourceVersion "1"]
[SourceVersionDate "2007.05.09"]
[SourceQuality "1"]

1. Nf3 d6 2. g3 Nf6 3. Bg2 g6 4. d3 Bg7 5. Nc3 0-0 6. e4 e5 7. Be3 Nc6 8. Qd2 Ng4 9. 0-0-0 Nxe3 10. Qxe3 Nd4 11. h4 h5 12. Nh2 b5 13. Ne2 c5 14. c3 Nxe2+ 15. Qxe2 b4 16. c4 Rb8 17. Bf3 f6 18. g4 hxg4 19. Nxg4 Bxg4 20. Bxg4 Rb7 21. Be6+ Kh7 22. Rdg1 Bh6+ 23. Kb1 Rg7 24. Rg2 Qe8 25. Bd5 g5 26. Qf3 Rg6 27. Qh3 Qe7 28. Be6 Qg7 29. h5 1-0

[Event "Leutersdorf Muench Braeu op 12th"]
[Site "Leutersdorf"]
[Date "2007.02.13"]
[Round "5"]
[White "Braunstein, Fabian"]
[Black "Meissner, Felix"]
[Result "0-1"]
[WhiteElo "1925"]
[BlackElo "1727"]
[PlyCount "86"]
[EventDate "2007.02.10"]
[EventType "swiss"]
[EventRounds "7"]
[EventCountry "GER"]
[SourceTitle "EXT 2008"]
[Source "ChessBase"]
[SourceDate "2007.11.25"]
[SourceVersion "1"]
[SourceVersionDate "2007.11.25"]
[SourceQuality "1"]

1. Nf3 d5 2. g3 Nf6 3. Bg2 Bf5 4. d3 h6 5. 0-0 e6 6. Nbd2 Be7 7. c4 0-0 8. cxd5 exd5 9. Nd4 Bh7 10. N2f3 c5 11. Nc2 Nc6 12. Bd2 Bd6 13. Rc1 Rc8 14. b3 Re8 15. Ne3 b5 16. Bh3 Rc7 17. Bf5 Rce7 18. Re1 g6 19. Bh3 Ne5 20. Nxe5 Rxe5 21. Ng2 Rh5 22. Nf4 Bxf4 23. Bxf4 Rxh3 24. Rxc5 g5 25. Bd2 Qd7 26. Bc3 Ng4 27. e4 dxe4 28. dxe4 Qxd1 29. Rxd1 Nxh2 30. Kg2 g4 31. f3 Nxf3 32. Kf2 Rh2+ 33. Kf1 Rh1+ 34. Ke2 Rh2+ 35. Kf1 Bxe4 36. Rd6 a6 37. Rc7 Rc2 38. a3 Ng5 39. Rd2 Rc1+ 40. Kf2 Bh1 41. Be5 Nh3+ 42. Ke3 Rxe5+ 43. Kd3 Rd5+ 0-1

[Event "Leutersdorf Muench Braeu op 12th"]
[Site "Leutersdorf"]
[Date "2007.02.11"]
[Round "4"]
[White "Ogonowska, Katarzyna"]
[Black "Braunstein, Fabian"]
[Result "1-0"]
[WhiteElo "1886"]
[BlackElo "1925"]
[PlyCount "81"]
[EventDate "2007.02.10"]
[EventType "swiss"]
[EventRounds "7"]
[EventCountry "GER"]
[SourceTitle "EXT 2008"]
[Source "ChessBase"]
[SourceDate "2007.11.25"]
[SourceVersion "1"]
[SourceVersionDate "2007.11.25"]
[SourceQuality "1"]

1. e4 e5 2. Nf3 Nc6 3. d4 exd4 4. Nxd4 Bc5 5. Be3 Qf6 6. c3 Nge7 7. Bc4 Ne5 8. Bb3 0-0 9. 0-0 d6 10. Nc2 Bb6 11. Bxb6 axb6 12. Ne3 Qg6 13. Nd2 Be6 14. f4 Bxb3 15. Qxb3 Nd7 16. a4 Nc5 17. Qc4 c6 18. b3 Rad8 19. f5 Qg5 20. Qe2 d5 21. e5 Ne4 22. Nxe4 dxe4 23. f6 Nd5 24. fxg7 Qxg7 25. Nxd5 cxd5 26. Rf5 Rde8 27. Qh5 Re6 28. Raf1 Rh6 29. Qd1 Rg6 30. Qd2 Kh8 31. R1f2 Rg8 32. g3 Rd8 33. Qd4 Rd7 34. c4 Kg8 35. cxd5 Qh6 36. Qxe4 Qc1+ 37. Kg2 Qc7 38. e6 fxe6 39. dxe6 Re7 40. Rf8+ Kg7 41. R2f7+ 1-0

[Event "Leutersdorf Sparkasse op 10th"]
[Site "Leutersdorf"]
[Date "2006.02.19"]
[Round "6"]
[White "Snorek, Milan"]
[Black "Braunstein, Fabian"]
[Result "1-0"]
[WhiteElo "2129"]
[BlackElo "1741"]
[PlyCount "53"]
[EventDate "2006.02.17"]
[EventType "swiss"]
[EventRounds "7"]
[EventCountry "GER"]
[SourceTitle "EXT 2007"]
[Source "ChessBase"]
[SourceDate "2006.11.23"]
[SourceVersion "1"]
[SourceVersionDate "2006.11.23"]
[SourceQuality "1"]

1. d4 Nf6 2. Nf3 g6 3. c4 Bg7 4. Nc3 0-0 5. g3 d6 6. Bg2 Nbd7 7. 0-0 c5 8. b3 a6 9. Bb2 Rb8 10. a4 b6 11. Qc2 Bb7 12. Rad1 cxd4 13. Nxd4 Bxg2 14. Kxg2 Rc8 15. e4 Re8 16. h3 Nb8 17. e5 Nh5 18. f4 Qd7 19. Qe4 Bh8 20. g4 Ng7 21. Nd5 Nc6 22. Nxb6 f5 23. Qf3 Nxd4 24. Bxd4 Qc7 25. exd6 exd6 26. Nxc8 Qxc8 27. Qd5+ 1-0

[Event "Leutersdorf Sparkasse op 10th"]
[Site "Leutersdorf"]
[Date "2006.02.18"]
[Round "3"]
[White "Schiessl, Hanns"]
[Black "Braunstein, Fabian"]
[Result "0-1"]
[WhiteElo "1308"]
[BlackElo "1741"]
[PlyCount "50"]
[EventDate "2006.02.17"]
[EventType "swiss"]
[EventRounds "7"]
[EventCountry "GER"]
[SourceTitle "EXT 2007"]
[Source "ChessBase"]
[SourceDate "2006.11.23"]
[SourceVersion "1"]
[SourceVersionDate "2006.11.23"]
[SourceQuality "1"]

1. e4 e5 2. Nf3 Nc6 3. Bb5 a6 4. Ba4 b5 5. Bb3 Nf6 6. 0-0 Be7 7. Re1 0-0 8. c3 d5 9. exd5 e4 10. Ng5 Bg4 11. Qc2 Ne5 12. Nxe4 Nxe4 13. Qxe4 Bd6 14. d4 f5 15. Qe3 Ng6 16. h3 f4 17. Qe4 Bf5 18. Qe2 f3 19. Qxf3 Bxb1 20. Qg4 Bf5 21. Qg5 Qd7 22. Be3 Rae8 23. Rac1 Re4 24. Bc2 h6 25. Qh5 Rh4 0-1

[Event "Leutersdorf Muench Braeu op 11th"]
[Site "Leutersdorf"]
[Date "2006.02.14"]
[Round "5"]
[White "Braunstein, Fabian"]
[Black "Bronowicki, Mateusz"]
[Result "1/2-1/2"]
[WhiteElo "1741"]
[BlackElo "2237"]
[PlyCount "59"]
[EventDate "2006.02.11"]
[EventType "swiss"]
[EventRounds "9"]
[EventCountry "GER"]
[SourceTitle "CBM 110 Extra"]
[Source "ChessBase"]
[SourceDate "2006.03.10"]
[SourceVersion "2"]
[SourceVersionDate "2006.03.10"]
[SourceQuality "1"]

1. g3 g6 2. Bg2 Bg7 3. Nf3 c5 4. 0-0 Nf6 5. d3 0-0 6. Nbd2 Nc6 7. e4 d6 8. Ne1 e5 9. Nc4 Be6 10. Ne3 d5 11. exd5 Nxd5 12. Nf3 h6 13. Re1 Re8 14. Nxd5 Bxd5 15. Be3 Nd4 16. Nxd4 cxd4 17. Bd2 Qd7 18. c4 Bxg2 19. Kxg2 f5 20. Qf3 Re6 21. Re2 Rae8 22. Rae1 Kh7 23. Bb4 Qa4 24. a3 a5 25. Bd2 b6 26. Qd5 Qb3 27. Bf4 Qxd3 28. Bxe5 Bxe5 29. Rxe5 Rxe5 30. Rxe5 1/2-1/2

[Event "Leutersdorf Muench Braeu op 11th"]
[Site "Leutersdorf"]
[Date "2006.02.12"]
[Round "2"]
[White "Eichner, Sebastian"]
[Black "Braunstein, Fabian"]
[Result "1-0"]
[WhiteElo "2282"]
[BlackElo "1741"]
[PlyCount "51"]
[EventDate "2006.02.11"]
[EventType "swiss"]
[EventRounds "9"]
[EventCountry "GER"]
[SourceTitle "CBM 110 Extra"]
[Source "ChessBase"]
[SourceDate "2006.03.10"]
[SourceVersion "2"]
[SourceVersionDate "2006.03.10"]
[SourceQuality "1"]

1. d4 Nf6 2. c4 g6 3. Nc3 Bg7 4. e4 d6 5. Bd3 0-0 6. Nge2 Nbd7 7. h3 c5 8. d5 b5 9. Nxb5 Rb8 10. 0-0 a6 11. Nbc3 Ne5 12. b3 Nfd7 13. Bc2 Nb6 14. f4 Ned7 15. Rb1 Re8 16. e5 dxe5 17. f5 Nf6 18. Ng3 Qc7 19. Nce4 Nxe4 20. Bxe4 Rd8 21. Qf3 Rf8 22. Bg5 gxf5 23. Nxf5 f6 24. Nxg7 Kxg7 25. Qh5 Rh8 26. Bh6+ 1-0

[Event "Sachsen-ch U16"]
[Site "Sebnitz"]
[Date "2005.03.29"]
[Round "2"]
[White "Braunstein, Fabian"]
[Black "Hofmann, Falk"]
[Result "1-0"]
[WhiteElo "1662"]
[BlackElo "1538"]
[PlyCount "55"]
[EventDate "2005.03.29"]
[EventType "swiss"]
[EventRounds "7"]
[EventCountry "GER"]
[SourceTitle "EXT 2007"]
[Source "ChessBase"]
[SourceDate "2006.11.23"]
[SourceVersion "1"]
[SourceVersionDate "2006.11.23"]
[SourceQuality "1"]

1. g3 Nf6 2. Bg2 e6 3. Nf3 b6 4. 0-0 Bb7 5. d3 Be7 6. Nbd2 0-0 7. c4 d6 8. b4 Nbd7 9. a4 c5 10. b5 Qc7 11. Nb3 a5 12. Bb2 d5 13. e3 Rfd8 14. Qe2 Rac8 15. Rfd1 Qb8 16. Rac1 Qa8 17. d4 dxc4 18. dxc5 bxc5 19. Nbd2 Nb6 20. Ra1 Rc7 21. Bf1 Bd5 22. Ne5 Rdc8 23. Nexc4 Nxc4 24. Nxc4 Bxc4 25. Qxc4 Qe4 26. Qxe4 Nxe4 27. Be5 Ra7 28. b6 1-0

[Event "Leutersdorf Muench Braeu op 10th"]
[Site "Leutersdorf"]
[Date "2005.02.??"]
[Round "4"]
[White "Braunstein, Fabian"]
[Black "Boos, Philipp"]
[Result "1-0"]
[WhiteElo "1611"]
[BlackElo "1455"]
[PlyCount "79"]
[EventDate "2005.02.05"]
[EventType "swiss"]
[EventRounds "9"]
[EventCountry "GER"]
[SourceTitle "CBM 104 Extra"]
[Source "ChessBase"]
[SourceDate "2005.03.01"]
[SourceVersion "1"]
[SourceVersionDate "2005.03.01"]
[SourceQuality "1"]

1. g3 g6 2. Bg2 Bg7 3. Nf3 Nf6 4. 0-0 0-0 5. d3 c6 6. c4 d6 7. Nbd2 Nbd7 8. Rb1 d5 9. b4 dxc4 10. Nxc4 Nd5 11. Bb2 N7f6 12. a3 Bg4 13. Nfe5 Be6 14. Qc2 Qc8 15. Rfc1 Bh3 16. Bh1 Rd8 17. Ba1 Nb6 18. Nxb6 axb6 19. Nc4 Ra6 20. a4 b5 21. axb5 cxb5 22. Na5 Qxc2 23. Rxc2 Bc8 24. Bxb7 Bxb7 25. Nxb7 Rda8 26. Na5 Bf8 27. Rc5 Nd7 28. Rxb5 e6 29. Bc3 Nb6 30. Nc4 Nd5 31. Bd2 Ra1 32. Rxa1 Rxa1+ 33. Kg2 Rb1 34. Rb8 Kg7 35. b5 Bc5 36. Rb7 Bb6 37. Nxb6 Rxb5 38. Be3 Nxe3+ 39. fxe3 Kf6 40. Nd7+ 1-0

[Event "Leutersdorf Muench Braeu op 10th"]
[Site "Leutersdorf"]
[Date "2005.02.??"]
[Round "8"]
[White "Braunstein, Fabian"]
[Black "Gaier, Richard"]
[Result "1-0"]
[WhiteElo "1611"]
[BlackElo "1166"]
[PlyCount "75"]
[EventDate "2005.02.05"]
[EventType "swiss"]
[EventRounds "9"]
[EventCountry "GER"]
[SourceTitle "CBM 104 Extra"]
[Source "ChessBase"]
[SourceDate "2005.03.01"]
[SourceVersion "1"]
[SourceVersionDate "2005.03.01"]
[SourceQuality "1"]

1. g3 Nf6 2. Bg2 g6 3. Nf3 Bg7 4. d3 Nc6 5. c4 d6 6. Nbd2 Bd7 7. a3 e5 8. 0-0 Qe7 9. Qc2 0-0 10. Rb1 Nd4 11. Nxd4 exd4 12. Nf3 Rfe8 13. Re1 Qf8 14. Nxd4 Rab8 15. b4 Ng4 16. Nf3 Bh6 17. Bb2 Bc6 18. h3 Bxf3 19. Bxf3 Ne5 20. Bg2 Bg7 21. d4 Nd7 22. e3 c6 23. c5 d5 24. a4 Nf6 25. Ba3 Re6 26. b5 Qe8 27. Qd3 Bh6 28. Rb3 Qd7 29. bxc6 Qxc6 30. Qb5 Qxb5 31. Rxb5 Ne4 32. Bxe4 Rxe4 33. Reb1 Re7 34. c6 Rc7 35. Rxb7 Rcxb7 36. Rxb7 Rc8 37. c7 Kg7 38. Bd6 1-0

[Event "Leutersdorf Muench Braeu op 10th"]
[Site "Leutersdorf"]
[Date "2005.02.??"]
[Round "6"]
[White "Braunstein, Fabian"]
[Black "Nagel, Gerhard"]
[Result "0-1"]
[WhiteElo "1611"]
[BlackElo "2017"]
[PlyCount "159"]
[EventDate "2005.02.05"]
[EventType "swiss"]
[EventRounds "9"]
[EventCountry "GER"]
[SourceTitle "CBM 104 Extra"]
[Source "ChessBase"]
[SourceDate "2005.03.01"]
[SourceVersion "1"]
[SourceVersionDate "2005.03.01"]
[SourceQuality "1"]

1. g3 g6 2. Bg2 d5 3. Nf3 Bg7 4. d3 e6 5. Nbd2 Ne7 6. c4 c6 7. 0-0 0-0 8. Rb1 Nd7 9. b4 b6 10. Bb2 e5 11. Ba1 Bb7 12. Qb3 Rb8 13. Rfc1 Re8 14. e4 d4 15. a4 c5 16. Qc2 Nc6 17. bxc5 Nxc5 18. Ne1 Bc8 19. Qa2 a5 20. Bf1 Nb4 21. Qa3 Bf8 22. Nc2 Nxc2 23. Rxc2 Nxe4 24. Qc1 Nxd2 25. Qxd2 Bd7 26. Ra2 Bc6 27. Bg2 Bxg2 28. Kxg2 Bb4 29. Qe2 Qd6 30. Qf3 f5 31. Re2 Qd7 32. Bb2 Re6 33. Rd1 Rbe8 34. Qd5 Qxd5+ 35. cxd5 R6e7 36. Rc1 Bc5 37. Rce1 Kf7 38. f3 Kf6 39. Rc2 Rd8 40. Bc1 Rxd5 41. h4 Kf7 42. Bg5 Re6 43. Rce2 Be7 44. Bxe7 Rxe7 45. Rb2 Re6 46. Rc1 Rd7 47. Rb5 Kf6 48. Rcb1 Rdd6 49. Kf2 Rc6 50. R1b2 h6 51. g4 Ke7 52. gxf5 gxf5 53. h5 Kd7 54. Rd5+ Ke7 55. Rbb5 Kf6 56. f4 Rc2+ 57. Kf1 Rh2 58. fxe5+ Ke7 59. Rxd4 Rxh5 60. Rf4 Rg5 61. Kf2 Rg4 62. Kf3 Reg6 63. Rxf5 Rxa4 64. Rf4 Ra3 65. Ke4 h5 66. Kf5 Kf7 67. d4 Rag3 68. d5 Rg2 69. d6 Ke8 70. Ke4 Re2+ 71. Kf5 Reg2 72. Ke4 R6g4 73. Rxg4 Rxg4+ 74. Kf5 Rb4 75. Rxb4 axb4 76. Kf6 b3 77. e6 b2 78. d7+ Kd8 79. Kf7 b1Q 80. e7+ 0-1

[Event "Leutersdorf Muench Braeu op 10th"]
[Site "Leutersdorf"]
[Date "2005.02.??"]
[Round "5"]
[White "Bulano, Alexander"]
[Black "Braunstein, Fabian"]
[Result "0-1"]
[WhiteElo "1524"]
[BlackElo "1611"]
[PlyCount "82"]
[EventDate "2005.02.05"]
[EventType "swiss"]
[EventRounds "9"]
[EventCountry "GER"]
[SourceTitle "CBM 104 Extra"]
[Source "ChessBase"]
[SourceDate "2005.03.01"]
[SourceVersion "1"]
[SourceVersionDate "2005.03.01"]
[SourceQuality "1"]

1. d4 Nf6 2. Nf3 g6 3. c4 Bg7 4. Nc3 0-0 5. Bg5 d6 6. e3 Nbd7 7. Be2 h6 8. Bh4 Re8 9. Qc2 e5 10. 0-0 exd4 11. exd4 Nb6 12. Rad1 Bf5 13. Bd3 Bxd3 14. Qxd3 Qd7 15. b3 Nh5 16. Bg3 Nxg3 17. hxg3 Re7 18. Rde1 Rae8 19. Ne4 Qg4 20. Nh2 Qf5 21. g4 Qc8 22. Re2 d5 23. cxd5 Nxd5 24. g3 Nb4 25. Qb1 Bxd4 26. Rd1 Bg7 27. a3 Nc6 28. Ree1 Nd4 29. b4 Nc6 30. g5 hxg5 31. Nxg5 Ne5 32. Qb3 Qf5 33. f4 Nc6 34. Rxe7 Rxe7 35. Qc4 Rd7 36. Re1 Bd4+ 37. Kf1 Qd5 38. Qc2 Qh1+ 39. Ke2 Qxh2+ 40. Kd3 Bf6+ 41. Ke3 Qxc2 0-1

[Event "Loebau-Zittau KSK op"]
[Site "Leutersdorf"]
[Date "2004.02.15"]
[Round "7"]
[White "Braunstein, Fabian"]
[Black "Lorenz, Nicole"]
[Result "1/2-1/2"]
[WhiteElo "1494"]
[BlackElo "1375"]
[PlyCount "59"]
[EventDate "2004.02.13"]
[EventType "swiss"]
[EventRounds "7"]
[EventCountry "GER"]
[SourceTitle "CBM 098 Extra"]
[Source "ChessBase"]
[SourceDate "2004.03.10"]
[SourceVersion "2"]
[SourceVersionDate "2004.03.10"]
[SourceQuality "1"]

1. e4 c5 2. d4 cxd4 3. c3 d3 4. Bxd3 Nc6 5. Nf3 d6 6. Be3 Bg4 7. Nbd2 Nf6 8. Qc2 Rc8 9. h3 Bd7 10. Be2 e6 11. g4 h6 12. g5 hxg5 13. Bxg5 Be7 14. h4 Ng4 15. Rg1 e5 16. Bxe7 Qxe7 17. Rg2 Qf6 18. 0-0-0 Ne7 19. Qd3 Ng6 20. Nc4 0-0 21. Qxd6 Qxd6 22. Nxd6 Nf4 23. Nxc8 Bxc8 24. Bf1 Nxg2 25. Bxg2 Be6 26. b3 Rc8 27. Kb2 Nxf2 28. Rg1 f6 29. Nd2 Kf8 30. Bf3 1/2-1/2